| 000 | 00900cab a2200265 4500 | ||
|---|---|---|---|
| 001 | WB2933-09 | ||
| 008 | 090401t1993 xxu||||| |||| 00| 0 eng d | ||
| 035 | _a(Sirsi) u17713 | ||
| 041 | _aeng | ||
| 245 | _aConstruction directives clash | ||
| 260 | _c1993 | ||
| 350 | _a0 | ||
| 490 |
_aNew Civil Engineer _v(1035) 9 September 1993, 5(1) |
||
| 520 | _aThe Government seeks amendments to the Public Procurement Directive and the Construction Products Directive to ensure safety standards, which, it is claimed, are jeopardised by the restrictions on specifying BSI products. | ||
| 650 | _aBUILT ENVIRONMENT-BUILDING MATERIALS | ||
| 650 | _aDIRECTIVE 89/106/EEC | ||
| 650 | _aEC DIRECTIVES | ||
| 650 | _aPUBLIC PROCUREMENT DIRECTIVE | ||
| 650 | _aSAFETY | ||
| 650 | _aTENDERING | ||
| 690 | _aBUILT ENVIRONMENT | ||
| 690 | _aEUROPE-SINGLE MARKET | ||
| 942 | _n0 | ||
| 948 | _c04/03/1997 | ||
| 999 |
_c11747 _d11747 |
||